000 00233nam a2200097Ia 4500
005 20251222114411.0
008 251222s1900||||xx |||||||||||||| ||spa||
082 _aDVD191.3/U61/2001/T.4
245 0 _aSeminario de Economía:
942 _cDVD
999 _c2028
_d2028